| 000 | 01835cam a2200397 4500 | ||
|---|---|---|---|
| 001 | J124719 | ||
| 008 | 000000n2003 000 0 eng u | ||
| 035 | _a(Sirsi) u124719 | ||
| 041 | _aeng. | ||
| 050 |
_a333.33 _c18 |
||
| 110 |
_aValuation Office Agency _93141 |
||
| 245 | _aProperty market report - Autumn 2003 | ||
| 260 |
_aLondon _bValuation Office Agency _c2003 |
||
| 300 |
_a1v. _c30cm. |
||
| 520 | _aThe second web-based edition of this bi-annual report from the Valuation Office Agency (VOA). The report covers all the major sectors of the property market and is based on valuations prepared by the VOA's local offices of typical property types. Future reports will be available on the web and will be prepared from 2004 onwards as at January and June, a change from the previous valuation dates of April and October. To maintain continuity over this change period there will be a limited update in October 2003 and April 2004 of the key data series. | ||
| 650 | _aPROPERTY-RURAL AND NATURAL ASSETS-AGRICULTURAL PROPERTY-AGRICULTURAL LAND | ||
| 650 | _aFACTORIES | ||
| 650 | _aFARM LAND | ||
| 650 | _aHOUSE PRICES | ||
| 650 | _aINDUSTRIAL DEVELOPMENT LAND | ||
| 650 | _aLAND PRICES | ||
| 650 | _aLAND VALUES | ||
| 650 | _aOFFICES | ||
| 650 | _aPROPERTY INVESTMENT | ||
| 650 | _aRENTAL VALUES | ||
| 650 | _aRESIDENTIAL BUILDING LAND | ||
| 650 |
_aRESIDENTIAL PROPERTY _96266 |
||
| 650 | _aSHOPS | ||
| 650 | _aWAREHOUSES | ||
| 650 | _aYIELDS | ||
| 650 | _aSHOPPING CENTRE YIELDS | ||
| 650 | _aINDUSTRIAL PROPERTY | ||
| 690 | _aPROPERTY-COMMERCIAL PROPERTY | ||
| 856 |
_uhttps://webarchive.nationalarchives.gov.uk/20100402134053/http://voa.gov.uk/publications/property_market_report/pmr_autumn_2003.htm _vView the Autumn 2003 report on the Valuation Office Agency's website... |
||
| 942 | _n0 | ||
| 999 |
_c103269 _d103269 |
||